[Event "IECG email"]
[Site "IECG email"]
[Date "2008.10.06"]
[Round "?"]
[White "Kissinger, Scott"]
[Black "Ruiz, Hernan"]
[Result "1-0"]
[WhiteElo "2254"]
[BlackElo "2400"]
[PlyCount "43"]
[EventDate "2008.10.06"]
[EventType "tourn (corr)"]
[EventRounds "6"]
[SourceTitle "Corr 2024"]
[Source "ChessBase"]
[SourceDate "2023.10.19"]
[SourceVersion "1"]
[SourceVersionDate "2023.10.19"]
[SourceQuality "1"]

1. e4 c5 2. Nf3 Nc6 3. d4 cxd4 4. Nxd4 Nf6 5. Nc3 e5 6. Ndb5 d6 7. a4 a6 8. Na3 Bg4 9. f3 Be6 10. Bc4 Rc8 11. Nd5 Nb4 12. Nxb4 Bxc4 13. Nxc4 Rxc4 14. c3 Be7 15. Bg5 0-0 16. Bxf6 Bxf6 17. Nd5 Rc6 18. 0-0 Bg5 19. Qb3 Qd7 20. Rfd1 Kh8 21. Rd3 f5 22. Re1 1-0

[Event "IECG email"]
[Site "IECG email"]
[Date "2008.10.06"]
[Round "?"]
[White "Ruiz, Hernan"]
[Black "Van Hooff, Ruud"]
[Result "1/2-1/2"]
[WhiteElo "2400"]
[BlackElo "2270"]
[PlyCount "26"]
[EventDate "2008.10.06"]
[EventType "tourn (corr)"]
[EventRounds "6"]
[SourceTitle "Corr 2024"]
[Source "ChessBase"]
[SourceDate "2023.10.19"]
[SourceVersion "1"]
[SourceVersionDate "2023.10.19"]
[SourceQuality "1"]

1. e4 e5 2. Nf3 Nf6 3. Nxe5 d6 4. Nf3 Nxe4 5. Nc3 Nxc3 6. dxc3 Be7 7. Be3 Nc6 8. Qd2 0-0 9. 0-0-0 Ne5 10. Kb1 Re8 11. h4 Bg4 12. Be2 Qc8 13. h5 h6 1/2-1/2

[Event "IECG CM.2008.0.00321"]
[Site "IECG email"]
[Date "2008.08.21"]
[Round "1"]
[White "Broniek, Mariusz Maciej"]
[Black "Ruiz, Hernan"]
[Result "1-0"]
[WhiteElo "2226"]
[BlackElo "2400"]
[PlyCount "38"]
[EventDate "2008.08.21"]
[EventType "tourn (corr)"]
[EventRounds "6"]
[SourceTitle "Corr 2024"]
[Source "ChessBase"]
[SourceDate "2023.10.19"]
[SourceVersion "1"]
[SourceVersionDate "2023.10.19"]
[SourceQuality "1"]

1. e4 c5 2. Nf3 Nc6 3. d4 cxd4 4. Nxd4 Nf6 5. Nc3 e5 6. Ndb5 d6 7. Bg5 a6 8. Na3 b5 9. Bxf6 gxf6 10. Nd5 f5 11. Bd3 Be6 12. 0-0 Bxd5 13. exd5 Ne7 14. Nxb5 Bg7 15. Nc3 e4 16. Bc4 Ng6 17. Rb1 Qc7 18. Bb3 Bxc3 19. bxc3 0-0 1-0

[Event "IECG CM.2008.0.00321"]
[Site "IECG email"]
[Date "2008.08.21"]
[Round "1"]
[White "Ruiz, Hernan"]
[Black "Van Seben, Edgar"]
[Result "0-1"]
[WhiteElo "2400"]
[BlackElo "2352"]
[PlyCount "60"]
[EventDate "2008.08.21"]
[EventType "tourn (corr)"]
[EventRounds "6"]
[SourceTitle "Corr 2024"]
[Source "ChessBase"]
[SourceDate "2023.10.19"]
[SourceVersion "1"]
[SourceVersionDate "2023.10.19"]
[SourceQuality "1"]

1. e4 Nf6 2. e5 Nd5 3. c4 Nb6 4. c5 Nd5 5. Bc4 e6 6. d4 b6 7. cxb6 axb6 8. Ne2 Ba6 9. Bxa6 Nxa6 10. Nec3 Nab4 11. 0-0 Qh4 12. Re1 f5 13. g3 Qh3 14. Nxd5 Nxd5 15. Nc3 Nxc3 16. bxc3 h5 17. Qf3 Ra7 18. d5 Be7 19. Be3 Qg4 20. Qxg4 hxg4 21. Red1 Kf7 22. d6 cxd6 23. exd6 Bf6 24. Bxb6 Ra3 25. Bd4 e5 26. Bc5 Rxc3 27. Be3 Ra3 28. Bc5 Ra6 29. a3 Rb8 30. Rab1 Rxb1 0-1

[Event "IECG CM.2008.0.00321"]
[Site "IECG email"]
[Date "2008.08.21"]
[Round "1"]
[White "Sacerdotali, Sergio"]
[Black "Ruiz, Hernan"]
[Result "1-0"]
[WhiteElo "2088"]
[BlackElo "2400"]
[PlyCount "47"]
[EventDate "2008.08.21"]
[EventType "tourn (corr)"]
[EventRounds "6"]
[SourceTitle "Corr 2024"]
[Source "ChessBase"]
[SourceDate "2023.10.19"]
[SourceVersion "1"]
[SourceVersionDate "2023.10.19"]
[SourceQuality "1"]

1. e4 c5 2. Nf3 Nc6 3. d4 cxd4 4. Nxd4 Nf6 5. Nc3 e5 6. Ndb5 d6 7. Nd5 Nxd5 8. exd5 Nb8 9. a4 Be7 10. Be3 a6 11. Na3 Nd7 12. Nc4 a5 13. Ra3 0-0 14. Rb3 f5 15. Bb6 Nxb6 16. Nxb6 Rb8 17. Be2 Qc7 18. Qd3 e4 19. Qc3 Qxc3+ 20. Rxc3 Bf6 21. Rb3 f4 22. h3 f3 23. gxf3 Bf5 24. f4 1-0

[Event "IECG CM.2004.0.00262 email"]
[Site "IECG email"]
[Date "2004.12.10"]
[Round "?"]
[White "Dyakov, Alexander V"]
[Black "Ruiz, Hernan"]
[Result "1-0"]
[WhiteElo "2268"]
[BlackElo "2400"]
[PlyCount "25"]
[EventDate "2004.12.10"]
[EventType "tourn (corr)"]
[EventRounds "6"]
[SourceTitle "Corr 2008"]
[Source "ChessBase"]
[SourceDate "2008.06.24"]
[SourceVersion "1"]
[SourceVersionDate "2008.06.24"]
[SourceQuality "1"]

1. e4 c5 2. Nf3 Nc6 3. d4 cxd4 4. Nxd4 Nf6 5. Nc3 e5 6. Ndb5 d6 7. Bg5 a6 8. Na3 b5 9. Nd5 Be7 10. Bxf6 Bxf6 11. c3 0-0 12. Nc2 Rb8 13. Be2 1-0

[Event "IECG CM.2004.0.00262 email"]
[Site "IECG email"]
[Date "2004.12.10"]
[Round "?"]
[White "Ruiz, Hernan"]
[Black "Braun, Andreas"]
[Result "0-1"]
[WhiteElo "2400"]
[BlackElo "2335"]
[PlyCount "38"]
[EventDate "2004.12.10"]
[EventType "tourn (corr)"]
[EventRounds "6"]
[SourceTitle "Corr 2008"]
[Source "ChessBase"]
[SourceDate "2008.06.24"]
[SourceVersion "1"]
[SourceVersionDate "2008.06.24"]
[SourceQuality "1"]

1. e4 c6 2. d4 d5 3. Nd2 dxe4 4. Nxe4 Bf5 5. Ng3 Bg6 6. Nf3 Nd7 7. h4 h6 8. h5 Bh7 9. Bd3 Bxd3 10. Qxd3 Qc7 11. Bd2 e6 12. 0-0-0 Ngf6 13. Ne4 0-0-0 14. g3 Nc5 15. Nxc5 Bxc5 16. Qe2 Bxd4 17. Bf4 e5 18. Bxe5 Bxe5 19. Nxe5 Rxd1+ 0-1

[Event "IECG CM.2004.0.00262 email"]
[Site "IECG email"]
[Date "2004.12.10"]
[Round "?"]
[White "Ruiz, Hernan"]
[Black "Kund, Wolfgang"]
[Result "0-1"]
[WhiteElo "2400"]
[BlackElo "2232"]
[PlyCount "32"]
[EventDate "2004.12.10"]
[EventType "tourn (corr)"]
[EventRounds "6"]
[SourceTitle "Corr 2008"]
[Source "ChessBase"]
[SourceDate "2008.06.24"]
[SourceVersion "1"]
[SourceVersionDate "2008.06.24"]
[SourceQuality "1"]

1. e4 e5 2. Nf3 Nf6 3. Nxe5 d6 4. Nf3 Nxe4 5. d4 d5 6. Bd3 Bd6 7. 0-0 0-0 8. c4 c6 9. Nc3 Nxc3 10. bxc3 Bg4 11. cxd5 cxd5 12. Rb1 Nd7 13. h3 Bh5 14. Rb5 Nb6 15. c4 Bxf3 16. Qxf3 dxc4 0-1